000 00521nam a2200169Ia 4500
008 240729s9999 xx 000 0 und d
022 _a2212-6821
245 0 _aJournal of Marine and Island Cultures
260 _aKorea, Republic of
260 _bMokpo National University
650 _a Anthropology
650 _a Ethnology. Social and cultural anthropology
650 _aGeography. Anthropology. Recreation
856 _uhttps://doaj.org/toc/6485b33124f54116877d76afa7a455da
942 _2ddc
942 _cDOAJEJ
999 _c65837
_d65837
945 _a1
_bMadushi Gamage
_c1
_dMadushi Gamage